The Journal of Humanistic Psychology (Record no. 1449422)

MARC details
000 -LEADER
fixed length control field 00536nam a2200193Ia 4500
005 - DATE AND TIME OF LATEST TRANSACTION
control field 20250923145300.0
008 - FIXED-LENGTH DATA ELEMENTS--GENERAL INFORMATION
fixed length control field 008 250917s9999 xx 000 0 eng d
037 ## - SOURCE OF ACQUISITION
Stock number Periodicals
040 ## - CATALOGING SOURCE
Original cataloging agency DSWL
Language of cataloging eng
Transcribing agency DSWL
041 ## - LANGUAGE CODE
Language code of text/sound track or separate title eng
Source of code eng
084 ## - COLON CLASSIFICATION NUMBER
Assigning agency DSWL
245 #4 - TITLE STATEMENT
Title The Journal of Humanistic Psychology
Statement of responsibility, etc. by Association for Humansitic Psychology
260 ## - PUBLICATION, DISTRIBUTION, ETC.
Place of publication, distribution, etc. California
Name of publisher, distributor, etc. Association for Humansitic Psychology
Date of publication, distribution, etc. 1973
365 ## - TRADE PRICE
Price type code INR
Price amount 80
490 ## - SERIES STATEMENT
Volume/sequential designation Vol.13
925 ## -
-- 80
942 ## - ADDED ENTRY ELEMENTS (KOHA)
Koha item type Periodicals
Holdings
Withdrawn status Lost status Damaged status Not for loan Home library Current library Date acquired Total Checkouts Barcode Date last seen Price effective from Koha item type
        Department of Social Work Library Department of Social Work Library 2025-09-23   SW0016601 2025-09-23 2025-09-23 Periodicals
Copyright @ Delhi University Library System